banner-ar

قضية التعليم فى مصر : (Record no. 65697)

MARC details
000 -الفاتح
حقل البيانات ثابتة الطول 01031nam a22002537a 4500
005 - وقت وتاريخ اخر تعامل مع التسجيلة
رقم الضبط 20240530110838.0
008 - عناصر البيانات ثابتة الطول - معلومات عامة
حقل البيانات ثابتة الطول 191209s2008 ua a f | 000 0 ara d
017 ## - رقم الايداع القانونى
رقم الايداع القانونى 2008/24863
المصدر ( الهيئة المختصة) مصر. دار الكتب
040 ## - مصدر الفهرسة
وكالة الفهرسة الأصلية EG-CaGPL
وكالة النسخ EG-CaGPL
082 04 - رقم تصنيف ديوى العشرى
رقم الطبعة 21
رقم التصنيف 379.62
رقم المادة ق/ ع ق
100 0# - المدخل الرئيسى - إسم شخصى
الإسم الشخصى علا الخواجة
245 10 - بيان العنوان
العنوان قضية التعليم فى مصر :
بقية العنوان العئد الاقتصادى والاجتماعى /
بيان المسئوليه,etc تحرير علا الخواجة ؛ اشرف العربى ...( واخ )
250 ## - بيان الطبعة
بيان الطبعة ط .1
260 ## - PUBLICATION, DISTRIBUTION, ETC. (IMPRINT)
تاريخ النشر أو التوزيع 2008
300 ## - الوصف المادى
التعداد 327 ص . :
تفاصيل ماديه اخرى للوعاء ايض . ؛
أبعاد الوعاء 24 سم .
650 07 - المدخل الاضافى بالموضوع-مصطلح موضوعى
مصدر الرأس أو المصطلح qrmak
مصطلح موضوعي التعليم العالى
التقسيم الفرعي الجغرافي مصر
650 07 - المدخل الاضافى بالموضوع-مصطلح موضوعى
مصطلح موضوعي التعليم
التقسيم الفرعي العام الجوانب الاقتصادية
مصدر الرأس أو المصطلح qrmak
651 ## - المدخل الاضافى بالموضوع - اسم جغرافى
مصدر الرأس أو المصطلح qrmak
700 0# - المدخل الاضافى - اسم شخصى
الإسم الشخصى اشرف العربى
الدور مؤلف مشارك
700 0# - المدخل الاضافى - اسم شخصى
الإسم الشخصى حنان قنديل
الدور مؤلف مشارك
700 0# - المدخل الاضافى - اسم شخصى
الإسم الشخصى خالد عبدالفتاح
الدور مؤلف مشارك
942 ## - عناصر المدخل الإضافي( كوها)
مصدر التصنيف او مخطط الترفيف Dewey Decimal Classification
Koha [default] item type كتاب
260 ## - PUBLICATION, DISTRIBUTION, ETC. (IMPRINT)
-- القاهرة :
-- شركة التنمية،
Holdings
حالة التراجع حالة الفقد حالة تلف ليس للاعارة المكان المؤقت الموقع الحالى موقع الترفيف تاريخ الاكتساب اجمالي اﻻعارات رقم الطلب الباركود تاريخ اخر مشاهدة تاريخ تفعيل السعر نوع وعاء كوها
        مكتبة القاهرة الكبرى مكتبة القاهرة الكبرى   12/09/2019   379.62 ق / ع ق 166793 12/09/2019 12/09/2019 كتاب

Powered By

EGPV